Australian cities multiple choice: Bunbury - Statistics

General Stats
  • This quiz has been taken 14 times
  • The average score is 5 of 15
Answer Stats
Question Answer % Correct
Koombana Bay is famous for an abundance of... dolphins
67%
What is the claim to fame of St Nicholas Church in Australind? It is the smallest church in Australia
67%
What is between Turkey Point and Pelican Point? Vittoria Bay
67%
In which state or territory is Bunbury? Western Australia
67%
What faces the pink convent across Princep street? Australian Broadcasting Corporation
33%
What is the name of the nature reserve in South Bunbury? Big Swamp
33%
What is Bunbury's nickname? City of Three Waters
33%
Which ocean rolls by Bunbury? Indian
33%
Where's the parkour park? Koolambidi Woola
33%
What is the main cargo exported from the Port of Bunbury? Minerals
33%
When was the Bunbury Lighthouse built? 1970
0%
What was the purpose of the first settlement of Europeans at Bunbury? A military post
0%
How did the suburb of Australind get its name? A portmanteau of Australia and India
0%
What's in the pink convent at the corner of Wittenoom and Princep streets? Bunbury Regional Art Gallery
0%
What was blown up by 1,000 sticks of gelignite in 1976? The woodchip export terminal at the Port of Bunbury
0%
No matching quizzes found
Score Distribution
Percent of People with Each Score
Percentile by Number Answered
Your Score History
You have not taken this quiz